János Szabó a kol.: Príručka meliorácií

Bibliographic Details
Main Authors: Kohán, Štefan (Author), Szabó, János (Author)
Format: Article
Language:Slovak
Subjects:

MARC

LEADER 00000nab a2200000 a 4500
001 vtls000045975
003 SK-MaSNL
005 20260304172340.0
008 250526c1979 xo 0 slo
015 |a SNBRB19rr/mm-uuuuu 
035 |a CL0056070 
035 |a urn:nbn:sk:snk-ab2c21 
035 |a (urnnbn)urn:nbn:sk:snk:ar-a023zm 
035 |a (uuid)4d87ef74-cfa0-400b-b01c-5d848588b6ff 
040 |a SNKBUCL  |b slo  |c SNKBUCL  |e AACR2 
041 0 |a slo 
044 |a xo  |c SK 
080 |a 631.6  |2 1981 
100 1 |a Kohán, Štefan  |4 aut  |9 369385 
245 1 0 |a János Szabó a kol.: Príručka meliorácií  |c Štefan Kohán ; János Szabó 
650 0 7 |a meliorácie  |2 snkbucl  |9 14505 
655 7 |a články z novín a časopisov  |2 snkbucl  |9 267496 
700 1 |a Szabó, János  |4 aut  |9 455083 
773 0 |t Les  |g Roč. 35, č. 11 (1979), s. 521-522 
787 0 8 |i Rec.:  |a Szabó, János a kol.  |t A melioráció kézikönyve  |d Budapešť : Mezögazdasági Kiadó, 1977 
850 |a Slovenská národná knižnica 
852 |a Slovenská národná knižnica 
954 |a odborná, vedecká literatúra pôvodná (slovenská)  |2 lita 
958 |a ONDV 
958 |a article2022 
958 |a RK 
992 |a RBX 
999 |c 2997921  |d 2999851